[Event "Open Olimpico A Maggio"]
[Site "Torino ITA"]
[Date "2006.05.26"]
[Round "5"]
[White "Finocchiaro, Gianluca"]
[Black "Lieggi, Daniele"]
[Result "1-0"]
[WhiteElo "1934"]
[BlackElo "1617"]
[PlyCount "93"]
[EventDate "2006.05.22"]

1. e4 e5 2. Nf3 Nc6 3. d4 exd4 4. Bc4 Be7 5. Nxd4 Ne5 6. Be2 Nf6 7. Nc3 d5 8.
f4 Ng6 9. e5 Ne4 10. Nxe4 dxe4 11. Be3 Nh4 12. O-O Qd7 13. Nb5 Qc6 14. e6 Bxe6
15. Nxa7 Rxa7 16. Bxa7 b6 17. a4 Bc5+ 18. Kh1 Qb7 19. a5 e3 20. Bf3 Nxf3 21.
Qxf3 Bd5 22. Qg4 f5 23. Qe2 Qxa7 24. b4 Bxb4 25. Qb5+ c6 26. Qxb4 b5 27. Qd6
Kf7 28. Qe5 Re8 29. Qxf5+ Kg8 30. Qg4 e2 31. Rfe1 Qe3 32. Qg3 Qe4 33. a6 Qxc2
34. a7 c5 35. f5 b4 36. Qb8 Qe4 37. Qg3 b3 38. f6 Qg6 39. Rxe2 Rxe2 40. a8=Q+
Bxa8 41. Rxa8+ Kf7 42. Qxb3+ Re6 43. Ra7+ Kxf6 44. Qf3+ Qf5 45. Rf7+ Kxf7 46.
Qxf5+ Rf6 47. Qd5+ 1-0

[Event "Open Olimpico A Maggio"]
[Site "Torino ITA"]
[Date "2006.05.26"]
[Round "5"]
[White "Fossati, Remigio"]
[Black "Avalos Parra, Joao"]
[Result "0-1"]
[WhiteElo "2181"]
[BlackElo "2262"]
[PlyCount "72"]
[EventDate "2006.05.22"]

1. d4 d5 2. c4 c6 3. Nf3 Nf6 4. Nc3 dxc4 5. a4 Bf5 6. e3 e6 7. Bxc4 Nbd7 8. O-O
Be7 9. Qe2 Bg4 10. Rd1 O-O 11. h3 Bh5 12. e4 Qa5 13. Bd2 Qb6 14. g4 Bg6 15. a5
Qc7 16. Nh4 e5 17. Nxg6 hxg6 18. d5 Bc5 19. a6 Nb6 20. axb7 Qxb7 21. Ba6 Qc7
22. b4 Bd4 23. Rac1 cxd5 24. Nxd5 Qd8 25. Nc7 Rb8 26. Be3 Nh7 27. Kg2 Qd6 28.
Rc5 Nd7 29. Bxd4 Nxc5 30. Bxc5 Qxc7 31. Bxf8 Nxf8 32. Qc4 Qe7 33. Qc5 Qf6 34.
Bc4 Rb6 35. Rd3 Rc6 36. Qb5 a6 0-1

[Event "Open Olimpico A Maggio"]
[Site "Torino ITA"]
[Date "2006.05.26"]
[Round "5"]
[White "Imbraguglia, Fabio"]
[Black "Messina, Marco"]
[Result "0-1"]
[WhiteElo "2072"]
[BlackElo "2034"]
[PlyCount "96"]
[EventDate "2006.05.22"]

1. d4 d5 2. c4 c6 3. Nc3 Nf6 4. Nf3 dxc4 5. a4 Bf5 6. Ne5 e6 7. f3 Bb4 8. Nxc4
c5 9. Qb3 Nc6 10. dxc5 Nd4 11. Nd6+ Qxd6 12. Qxb4 Nc2+ 13. Kf2 Qd7 14. Qf4 Nxa1
15. e4 Bxe4 16. Nxe4 Nxe4+ 17. Qxe4 O-O 18. Bb5 Qd5 19. Qxd5 exd5 20. Bf4 Nb3
21. Bd6 Rfc8 22. Bd7 Rd8 23. c6 bxc6 24. Bxc6 Rac8 25. Be7 Rxc6 26. Bxd8 Rc2+
27. Kg3 d4 28. Rd1 f6 29. Be7 Rxb2 30. f4 a5 31. f5 Kf7 32. Re1 g6 33. Ba3 Ra2
34. Re7+ Kg8 35. Re8+ Kg7 36. Bd6 gxf5 37. h4 Nd2 38. Re7+ Kg6 39. Kh3 Ne4 40.
Bf4 h5 41. Rd7 Rxa4 42. g3 d3 43. Kg2 Ra2+ 44. Kf3 Rf2+ 45. Ke3 d2 46. g4 Rf1
47. gxf5+ Kxf5 48. Rd5+ Kg4 0-1

[Event "Open Olimpico A Maggio"]
[Site "Torino ITA"]
[Date "2006.05.26"]
[Round "5"]
[White "Leoni, Alessandro"]
[Black "Crepaldi, Manuele"]
[Result "1-0"]
[WhiteElo "1835"]
[BlackElo "1772"]
[PlyCount "77"]
[EventDate "2006.05.22"]

1. e4 c5 2. Nf3 d6 3. d4 cxd4 4. Nxd4 Nf6 5. Nc3 g6 6. Be3 Bg7 7. f3 Nc6 8. Bc4
O-O 9. Bb3 Bd7 10. Qd2 Ne5 11. h4 Qa5 12. h5 Rfc8 13. hxg6 hxg6 14. Bh6 Bxh6
15. Qxh6 Nh5 16. O-O-O Rxc3 17. bxc3 Rc8 18. g4 Qxc3 19. Kb1 Ba4 20. Rxh5 gxh5
21. gxh5 Bxb3 22. axb3 Nxf3 23. Rd3 Qe1+ 24. Kb2 Nxd4 25. Qg5+ Kf8 26. Qh6+ Ke8
27. Qh8+ Kd7 28. Qxd4 Rc6 29. h6 Qh4 30. Qg7 Qf6+ 31. Rc3 d5 32. Qxf6 Rxf6 33.
Rh3 Rxh6 34. Rxh6 dxe4 35. Kc3 f5 36. Kd4 e6 37. Ke5 e3 38. Rxe6 f4 39. Kf5 1-0

[Event "Open Olimpico A Maggio"]
[Site "Torino ITA"]
[Date "2006.05.26"]
[Round "5"]
[White "Machin Arbelo, Pedro Alexis"]
[Black "Laurenti, Stefano"]
[Result "1-0"]
[WhiteElo "2115"]
[BlackElo "2030"]
[PlyCount "121"]
[EventDate "2006.05.22"]

1. e4 d6 2. d4 Nf6 3. Nc3 c6 4. Be2 Nbd7 5. f4 Qa5 6. Bd2 e5 7. fxe5 dxe5 8. d5
cxd5 9. Nxd5 Qd8 10. Bg5 Qa5+ 11. Qd2 Qxd2+ 12. Bxd2 Bd6 13. Bf3 O-O 14. Nc3
Nb6 15. O-O-O Be6 16. Nb5 Bb8 17. Bb4 Rc8 18. b3 a6 19. Nd6 Bxd6 20. Bxd6 Nfd7
21. Ne2 a5 22. Kb2 a4 23. Nc1 Rc6 24. Be2 Rac8 25. Rd2 f6 26. Bb5 Rc3 27. Bb4
a3+ 28. Bxa3 Nc5 29. Bxc5 R3xc5 30. a4 R5c7 31. Rhd1 Kf7 32. c4 Bxc4 33. bxc4
Nxc4+ 34. Bxc4+ Rxc4 35. Rd7+ Kg6 36. Rxb7 Rxa4 37. Rdd7 Rg8 38. Kc2 Rxe4 39.
Kd3 Rg4 40. g3 Ra4 41. Ke3 Raa8 42. Nd3 Rab8 43. Rxg7+ Rxg7 44. Rxb8 Rc7 45.
Rb6 Kf5 46. Rb3 h5 47. Nf2 Rc1 48. Kf3 Rc4 49. Nd1 e4+ 50. Ke3 Kg5 51. Nf2 f5
52. h4+ Kf6 53. Kf4 Rc2 54. Rb6+ Kg7 55. Nh3 Rc3 56. Ng5 Ra3 57. Rb5 Kg6 58.
Rxf5 Rxg3 59. Rf6+ Kxf6 60. Nxe4+ Kg6 61. Nxg3 1-0

[Event "Open Olimpico A Maggio"]
[Site "Torino ITA"]
[Date "2006.05.26"]
[Round "5"]
[White "Monge, Maurizio"]
[Black "Boi, Fausto"]
[Result "1-0"]
[WhiteElo "1793"]
[BlackElo "1604"]
[PlyCount "104"]
[EventDate "2006.05.22"]

1. d4 d6 2. e4 Nf6 3. Nc3 c6 4. f4 g6 5. Nf3 Bg4 6. Be2 Bg7 7. O-O O-O 8. h3
Bxf3 9. Bxf3 Qb6 10. Kh1 Nbd7 11. e5 Ne8 12. Na4 Qa5 13. b3 e6 14. Bd2 Qc7 15.
Qe2 Rd8 16. Rad1 a5 17. c4 Ra8 18. Nc3 Qd8 19. g4 dxe5 20. fxe5 Qc7 21. g5 c5
22. Ne4 cxd4 23. Nf6+ Kh8 24. Rfe1 Bxf6 25. gxf6 Qc5 26. Bxb7 Rb8 27. Bg2 Nb6
28. Qf2 Nd7 29. Qf4 Rg8 30. Re4 g5 31. Qg3 Rg6 32. Be1 Nb6 33. Rexd4 h6 34. Rd8
Qc7 35. Rxb8 Qxb8 36. Bxa5 Qa7 37. Qe1 Rg8 38. c5 Na8 39. b4 Nec7 40. Qe2 Nd5
41. Bxd5 exd5 42. Qd2 Qd7 43. Kh2 Kh7 44. Qxd5 Qf5 45. Qd3 Kg6 46. Qxf5+ Kxf5
47. Rd8 Rxd8 48. Bxd8 Kxe5 49. b5 Kd5 50. b6 Kc6 51. a4 h5 52. a5 Kb7 1-0

[Event "Open Olimpico A Maggio"]
[Site "Torino ITA"]
[Date "2006.05.26"]
[Round "5"]
[White "Nafiri, Khalil"]
[Black "Vehi Bach, Victor Manuel"]
[Result "0-1"]
[WhiteElo "2200"]
[BlackElo "2335"]
[PlyCount "40"]
[EventDate "2006.05.22"]

1. e4 c5 2. Nf3 e6 3. d4 cxd4 4. Nxd4 a6 5. Bd3 Nf6 6. Be3 Qc7 7. c4 d6 8. Nc3
Nbd7 9. Rc1 b6 10. b4 Bb7 11. f4 g6 12. O-O Bg7 13. Qe2 O-O 14. Rfd1 Rfe8 15.
Nb3 Rac8 16. h3 Qb8 17. Bb1 Bf8 18. Qf2 Rxc4 19. Bxb6 Bxe4 20. Ba7 Qxb4 0-1

[Event "Open Olimpico A Maggio"]
[Site "Torino ITA"]
[Date "2006.05.26"]
[Round "5"]
[White "Naumkin, Igor"]
[Black "Maznitsin, Andrey"]
[Result "1/2-1/2"]
[WhiteElo "2415"]
[BlackElo "2187"]
[PlyCount "34"]
[EventDate "2006.05.22"]

1. d4 d5 2. c4 e6 3. Nf3 Nf6 4. Bg5 Be7 5. Nc3 O-O 6. e3 Nbd7 7. Rc1 b6 8. Bd3
c5 9. O-O Bb7 10. Qe2 Ne4 11. Bf4 cxd4 12. exd4 Nxc3 13. bxc3 dxc4 14. Bxc4 Nf6
15. Bd3 Rc8 16. Rfd1 Ba3 17. Rc2 Bc6 1/2-1/2

[Event "Open Olimpico A Maggio"]
[Site "Torino ITA"]
[Date "2006.05.26"]
[Round "5"]
[White "Nolte, Rolando"]
[Black "Astengo, Corrado"]
[Result "1-0"]
[WhiteElo "2372"]
[BlackElo "2119"]
[PlyCount "81"]
[EventDate "2006.05.22"]

1. e4 c5 2. Nf3 e6 3. d4 cxd4 4. Nxd4 a6 5. Bd3 Nc6 6. Nxc6 dxc6 7. O-O e5 8.
Nd2 Bd6 9. Nc4 Bd7 10. a4 Be6 11. Qf3 Qf6 12. Qe3 Ne7 13. a5 O-O 14. b3 Ng6 15.
g3 Bh3 16. Re1 h5 17. Bb2 h4 18. Bf1 Be6 19. Bc3 Rfe8 20. Bg2 Bxc4 21. bxc4 Bc7
22. Rab1 Rab8 23. Bf1 Qe7 24. Bb4 Bd6 25. Bxd6 Qxd6 26. Rb6 hxg3 27. hxg3 Nf8
28. c5 Qe7 29. Bh3 Ne6 30. Bxe6 Qxe6 31. Reb1 Red8 32. Kg2 Qc4 33. Rxb7 Rxb7
34. Rxb7 Qxc2 35. Rb6 f6 36. Qf3 Qxc5 37. Rxa6 Qb5 38. Ra7 Qb8 39. Re7 Qb4 40.
Rc7 c5 41. Qg4 1-0

[Event "Open Olimpico A Maggio"]
[Site "Torino ITA"]
[Date "2006.05.26"]
[Round "5"]
[White "Saccona, Silvano"]
[Black "Ronzano, Luca"]
[Result "1-0"]
[WhiteElo "2162"]
[BlackElo "1847"]
[PlyCount "89"]
[EventDate "2006.05.22"]

1. e4 Nc6 2. d4 d5 3. e5 Bf5 4. c3 e6 5. Bd3 Nge7 6. Ne2 Bxd3 7. Qxd3 h5 8. Bg5
Qd7 9. b4 Nf5 10. Nd2 Be7 11. Bxe7 Ncxe7 12. Nb3 b6 13. a4 Ng6 14. g3 f6 15. f4
Kf7 16. Rf1 Qe7 17. Qd2 Qd7 18. Nec1 Qe7 19. Nd3 Nf8 20. Rf2 Nh7 21. Qe2 Nf8
22. Qf3 Ng6 23. Rfa2 fxe5 24. dxe5 d4 25. c4 Qd7 26. Nd2 Ne3 27. Rc1 Ne7 28.
Ne4 N7f5 29. Ng5+ Ke7 30. Qe4 h4 31. Qf3 hxg3 32. hxg3 Qe8 33. Nf2 Rh2 34. g4
Nh6 35. Ra3 a5 36. b5 Rd8 37. c5 Kf8 38. cxb6 cxb6 39. Qc6 Qe7 40. Nxe6+ Kg8
41. Qc7 Re8 42. Qxe7 Rxe7 43. Rc8+ Kf7 44. Ng5+ Kg6 45. Rc6+ 1-0

[Event "Open Olimpico A Maggio"]
[Site "Torino ITA"]
[Date "2006.05.26"]
[Round "5"]
[White "Sardo, Gabriele"]
[Black "Pomerleano, Daniel"]
[Result "1-0"]
[WhiteElo "2186"]
[BlackElo "2280"]
[PlyCount "63"]
[EventDate "2006.05.22"]

1. d4 Nf6 2. Nf3 g6 3. c4 Bg7 4. Nc3 d5 5. cxd5 Nxd5 6. e4 Nxc3 7. bxc3 c5 8.
Rb1 O-O 9. Be2 b6 10. O-O Bb7 11. Bd3 e6 12. Bg5 Qc7 13. Qd2 Re8 14. Bh6 Bh8
15. Bf4 Qc8 16. Be5 Bxe5 17. Nxe5 cxd4 18. Ng4 Nd7 19. cxd4 f5 20. exf5 Qc6 21.
f3 exf5 22. Bb5 Qd6 23. Bxd7 fxg4 24. Bxe8 Rxe8 25. fxg4 Re4 26. Qf2 Bd5 27.
Rbc1 Rxg4 28. g3 h5 29. Rc8+ Kh7 30. Rfc1 Re4 31. R1c7+ Re7 32. Qf8 1-0

[Event "Open Olimpico A Maggio"]
[Site "Torino ITA"]
[Date "2006.05.26"]
[Round "5"]
[White "Sellitti, Federico"]
[Black "Hofstetter, Hans Joachim"]
[Result "1/2-1/2"]
[WhiteElo "2124"]
[BlackElo "2222"]
[PlyCount "50"]
[EventDate "2006.05.22"]

1. e4 e5 2. Nf3 Nc6 3. Bb5 a6 4. Bxc6 dxc6 5. d4 exd4 6. Qxd4 Qxd4 7. Nxd4 Bd7
8. Be3 g6 9. Nc3 Bg7 10. O-O-O O-O-O 11. f3 Ne7 12. Rhe1 c5 13. Nde2 b6 14. Nf4
Bc6 15. Nfd5 Nxd5 16. Nxd5 Bxd5 17. Rxd5 Rxd5 18. exd5 Re8 19. c4 Kd7 20. Bf2
Rxe1+ 21. Bxe1 Kd6 22. b3 Be5 23. h3 Bf4+ 24. Kc2 f5 25. Kd3 Be5 1/2-1/2

[Event "Open Olimpico A Maggio"]
[Site "Torino ITA"]
[Date "2006.05.26"]
[Round "5"]
[White "Smith, Andrew Philip"]
[Black "Ilic, Ljubomir"]
[Result "1/2-1/2"]
[WhiteElo "2190"]
[BlackElo "2220"]
[PlyCount "57"]
[EventDate "2006.05.22"]

1. e4 c5 2. Nf3 e6 3. d4 cxd4 4. Nxd4 Nf6 5. Nc3 d6 6. g4 h6 7. g5 hxg5 8. Bxg5
a6 9. Qd2 Nc6 10. O-O-O Bd7 11. f4 Qb6 12. Nb3 Qc7 13. Bg2 O-O-O 14. Qe2 Be7
15. Kb1 Nh5 16. Bxe7 Nxe7 17. Qe3 f6 18. h4 e5 19. fxe5 fxe5 20. Bh3 Nf4 21.
Bxd7+ Qxd7 22. Nc5 Qc6 23. Nd3 Rdf8 24. Nxf4 Rxf4 25. Qg3 g6 26. h5 Rxh5 27.
Rxh5 gxh5 28. Qh3+ Kb8 29. Qxh5 1/2-1/2

[Event "Open Olimpico A Maggio"]
[Site "Torino ITA"]
[Date "2006.05.26"]
[Round "5"]
[White "Valenti, Giuseppe"]
[Black "Sgaravatti, Francesco"]
[Result "0-1"]
[WhiteElo "2271"]
[BlackElo "2124"]
[PlyCount "112"]
[EventDate "2006.05.22"]

1. e4 e6 2. d4 d5 3. Nd2 Nf6 4. e5 Nfd7 5. Bd3 c5 6. c3 Nc6 7. Ne2 cxd4 8. cxd4
f6 9. exf6 Nxf6 10. Nf3 Bd6 11. O-O Qc7 12. Nc3 a6 13. Bg5 O-O 14. Rc1 h6 15.
Bh4 Qf7 16. Bb1 Bd7 17. Re1 Qh5 18. h3 Bf4 19. Rc2 Rae8 20. a3 b5 21. b4 a5 22.
Rb2 axb4 23. axb4 Bd6 24. Bxf6 gxf6 25. Nxb5 Bxb4 26. Re3 Re7 27. Qe2 Rg7 28.
Ne1 Qxe2 29. Rexe2 Rb8 30. Nc7 Nxd4 31. Re3 Rb6 32. Ba2 Ba5 33. Rxb6 Bxb6 34.
Nxd5 exd5 35. Bxd5+ Kf8 36. Nd3 Re7 37. Rxe7 Kxe7 38. Kh2 Bf5 39. Ne1 Nc2 40.
Nxc2 Bxc2 41. f3 Kd6 42. Bb7 Be3 43. g4 Ke5 44. Kg2 Kf4 45. Bc6 Kg5 46. Bd5 Bd3
47. Be6 Kf4 48. Bd7 Ke5 49. Bc8 Bc4 50. Kg3 Bf4+ 51. Kf2 Kd4 52. Bf5 Bd5 53.
Bg6 Kc3 54. Bf5 Kd2 55. Bc8 Bg5 56. Kg3 Ke3 0-1

[Event "Open Olimpico A Maggio"]
[Site "Torino ITA"]
[Date "2006.05.26"]
[Round "5"]
[White "Vozza, Nicola"]
[Black "Pinto, Mark"]
[Result "1-0"]
[WhiteElo "1997"]
[BlackElo "2130"]
[PlyCount "71"]
[EventDate "2006.05.22"]

1. e4 c5 2. Nc3 Nc6 3. g3 g6 4. Bg2 Bg7 5. d3 d6 6. Be3 e6 7. Qd2 Nd4 8. O-O-O
Rb8 9. Nce2 Qc7 10. c3 b5 11. Kb1 Nxe2 12. Nxe2 b4 13. d4 Ba6 14. Rc1 bxc3 15.
Nxc3 c4 16. f4 Ne7 17. e5 d5 18. g4 h5 19. h3 Qa5 20. Ne4 Qb6 21. Nd6+ Kf8 22.
f5 gxf5 23. Bg5 Nc6 24. gxf5 exf5 25. Nxf5 Rg8 26. Nxg7 Kxg7 27. Bxd5 Nb4 28.
Bf6+ Kf8 29. Qh6+ Ke8 30. Bxf7+ Kxf7 31. Qh7+ Ke6 32. Qe7+ Kd5 33. Qd7+ Ke4 34.
Rce1+ Kf4 35. Rhf1+ Kg3 36. Qf5 1-0

[Event "Open Olimpico A Maggio"]
[Site "Torino ITA"]
[Date "2006.05.26"]
[Round "5"]
[White "Zangrando, Gianpietro"]
[Black "Gallucci, Alessio"]
[Result "0-1"]
[WhiteElo "1939"]
[BlackElo "1787"]
[PlyCount "86"]
[EventDate "2006.05.22"]

1. Nf3 Nf6 2. d4 c5 3. c3 g6 4. Bf4 Bg7 5. Nbd2 Nc6 6. d5 Nxd5 7. Bg3 d6 8. e4
Nb6 9. Be2 O-O 10. O-O Nd7 11. Nc4 Nde5 12. Nfxe5 Nxe5 13. Ne3 Nd7 14. f4 Nf6
15. Qc2 Bd7 16. Rad1 Bc6 17. Bf3 Qa5 18. Qb1 Rfd8 19. Nd5 Nxd5 20. exd5 Bd7 21.
Be4 f5 22. Bf3 Qc7 23. Rfe1 Re8 24. Rd2 Bf6 25. Re3 b5 26. Qe1 b4 27. Bh4 bxc3
28. bxc3 Bb5 29. Be2 c4 30. Bf1 Qc5 31. Kh1 Bxh4 32. Qe2 Bf6 33. g4 fxg4 34.
Rg3 Bd7 35. h3 gxh3 36. Bxh3 Bxh3 37. Rxh3 Kg7 38. f5 Qc8 39. Qh2 Rh8 40. Rf2
Qb7 41. Qg2 Rab8 42. Qf3 Qb1+ 43. Rf1 Qxf5 0-1

[Event "Open Olimpico A Maggio"]
[Site "Torino ITA"]
[Date "2006.05.26"]
[Round "5"]
[White "Zuluaga, Cesar"]
[Black "Simonenko, Sergey"]
[Result "0-1"]
[WhiteElo "2226"]
[BlackElo "2409"]
[PlyCount "59"]
[EventDate "2006.05.22"]

1. d4 d5 2. Nf3 Nf6 3. c4 dxc4 4. Nc3 a6 5. a4 Nc6 6. Bg5 h6 7. Bf4 Bg4 8. e3
Na5 9. Be2 Bxf3 10. Bxf3 e6 11. e4 Nb3 12. Be3 Nxa1 13. Qxa1 c6 14. O-O Bb4 15.
Rd1 Qa5 16. d5 Bxc3 17. bxc3 exd5 18. exd5 cxd5 19. Qa3 O-O-O 20. Rb1 Rhe8 21.
Bd4 Re6 22. g3 h5 23. Kg2 g6 24. h3 Ne4 25. Qa2 Rd7 26. h4 Nc5 27. Bxc5 Qxc5
28. Qd2 b6 29. Rd1 Kc7 30. Qf4+ {...} 0-1

[Event "Open Olimpico A Maggio"]
[Site "Torino ITA"]
[Date "2006.05.26"]
[Round "6"]
[White "Aliferopulos, Andrea"]
[Black "Piantoni, Pierino"]
[Result "1-0"]
[WhiteElo "1980"]
[BlackElo "1983"]
[PlyCount "88"]
[EventDate "2006.05.22"]

1. e4 e6 2. d4 d5 3. Nc3 Bb4 4. e5 c5 5. a3 Ba5 6. b4 cxd4 7. Qg4 Ne7 8. Qxg7
Rg8 9. Qxh7 Bc7 10. Nce2 Bxe5 11. f4 Bf6 12. Qd3 Qb6 13. Nf3 Nf5 14. Bb2 Nc6
15. b5 a6 16. a4 Nb4 17. Qd2 d3 18. Ned4 Nxd4 19. Nxd4 Bxd4 20. Qxb4 Bxb2 21.
Qxb2 Qe3+ 22. Kd1 Qf2 23. Ra3 dxc2+ 24. Qxc2 Qxf4 25. bxa6 bxa6 26. Qc6+ Ke7
27. Qxa8 Qb4 28. Qa7+ Bd7 29. Qe3 Bxa4+ 30. Ke2 Bb5+ 31. Kf2 d4 32. Qc1 d3 33.
Ra2 Qd4+ 34. Qe3 Qf6+ 35. Ke1 Qh4+ 36. g3 Qb4+ 37. Rd2 Bc6 38. Rg1 Rg4 39. Bxd3
Bb5 40. Kf2 Rd4 41. Rgd1 Qc5 42. Bxb5 Rxd2+ 43. Rxd2 Qxb5 44. h4 f6 1-0

[Event "Open Olimpico A Maggio"]
[Site "Torino ITA"]
[Date "2006.05.26"]
[Round "6"]
[White "Bohaddoune, Oussama"]
[Black "Maznitsin, Andrey"]
[Result "1-0"]
[WhiteElo "2206"]
[BlackElo "2187"]
[PlyCount "121"]
[EventDate "2006.05.22"]

1. e4 c6 2. d4 d5 3. Nc3 dxe4 4. Nxe4 Bf5 5. Ng3 Bg6 6. Nf3 Nd7 7. Bd3 Ngf6 8.
O-O e6 9. c4 Qc7 10. b3 Bd6 11. Bb2 O-O-O 12. Qc2 Bxd3 13. Qxd3 h5 14. Ne4 Nxe4
15. Qxe4 Nf6 16. Qe2 Bf4 17. b4 Ng4 18. h3 Nh6 19. b5 cxb5 20. cxb5 Kb8 21. a4
g5 22. Ne5 g4 23. h4 g3 24. a5 Ng4 25. fxg3 Be3+ 26. Kh1 Bxd4 27. Nxg4 hxg4 28.
Bxd4 Rxd4 29. Qf2 Rhd8 30. b6 axb6 31. axb6 Qxb6 32. Qxf7 Qb3 33. Kh2 Qd5 34.
Rfc1 Qd7 35. Qf2 Qd5 36. Qc2 Qd6 37. Qa2 Qa6 38. Qxa6 bxa6 39. Rxa6 Re4 40.
Rb6+ Ka7 41. Rb2 Ra4 42. Rc7+ Ka8 43. Rcc2 e5 44. Ra2 Rxa2 45. Rxa2+ Kb7 46.
Ra4 Kc6 47. Rxg4 Kd5 48. Ra4 e4 49. Ra1 Rf8 50. g4 e3 51. g5 Ke4 52. Kg3 Re8
53. Kg4 Rf8 54. g6 Rf4+ 55. Kg5 Rf5+ 56. Kh6 Rf4 57. g3 Rg4 58. Ra4+ Ke5 59.
Rxg4 e2 60. g7 e1=Q 61. g8=Q 1-0

[Event "Open Olimpico A Maggio"]
[Site "Torino ITA"]
[Date "2006.05.26"]
[Round "6"]
[White "Bottini, Paolo"]
[Black "Imbraguglia, Fabio"]
[Result "0-1"]
[WhiteElo "1908"]
[BlackElo "2072"]
[PlyCount "78"]
[EventDate "2006.05.22"]

1. e4 e5 2. Nf3 Nf6 3. Nxe5 d6 4. Nf3 Nxe4 5. d4 d5 6. Bd3 Bd6 7. O-O O-O 8. c4
c6 9. Nc3 Nxc3 10. bxc3 dxc4 11. Bxc4 Bg4 12. Rb1 Nd7 13. Bd3 Rb8 14. Re1 Qf6
15. Be4 Rfe8 16. h3 Rxe4 17. Rxe4 Bf5 18. Bg5 Qg6 19. Re1 Bxb1 20. Qxb1 Qxb1
21. Rxb1 f6 22. Be3 Nb6 23. Nd2 Nd5 24. Ne4 Bf8 25. Bd2 Re8 26. Ng3 b5 27. Kf1
Kf7 28. Nf5 Nb6 29. Ne3 g6 30. Ke2 Bh6 31. Kd3 Ke6 32. Ng4 Bxd2 33. Kxd2 Nc4+
34. Kd3 Kf7 35. Ne3 Nd6 36. Rb2 f5 37. g3 Kf6 38. f4 Rxe3+ 39. Kxe3 Nc4+ 0-1

[Event "Open Olimpico A Maggio"]
[Site "Torino ITA"]
[Date "2006.05.26"]
[Round "6"]
[White "Crepaldi, Manuele"]
[Black "Marello, Giampiero"]
[Result "1-0"]
[WhiteElo "1772"]
[BlackElo "1782"]
[PlyCount "51"]
[EventDate "2006.05.22"]

1. d4 Nf6 2. c4 c5 3. d5 e6 4. Nc3 exd5 5. cxd5 d6 6. e4 g6 7. Bd3 Bg7 8. f4
O-O 9. Nf3 Bg4 10. O-O a6 11. a4 Re8 12. h3 Bxf3 13. Qxf3 Nbd7 14. Be3 c4 15.
Bc2 Rc8 16. Rad1 Nc5 17. Bd4 b5 18. axb5 axb5 19. e5 dxe5 20. fxe5 Nfd7 21.
Qxf7+ Kh8 22. Nxb5 Rf8 23. Nd6 Qg5 24. Qxf8+ Rxf8 25. Rxf8+ Bxf8 26. Nf7+ 1-0

[Event "Open Olimpico A Maggio"]
[Site "Torino ITA"]
[Date "2006.05.26"]
[Round "6"]
[White "D'Amico, Antonino"]
[Black "Della Penna, Vincenzo"]
[Result "1-0"]
[WhiteElo "1901"]
[BlackElo "1503"]
[PlyCount "52"]
[EventDate "2006.05.22"]

1. d4 Nf6 2. Nf3 g6 3. e3 d6 4. Bd3 Bg7 5. O-O O-O 6. Re1 Nc6 7. a3 e5 8. dxe5
dxe5 9. e4 Bg4 10. h3 Bd7 11. b4 a6 12. Bb2 Ne8 13. Nbd2 b5 14. Nb3 Nd6 15. Qe2
f5 16. Nc5 Bc8 17. Rad1 Qe7 18. exf5 Nxf5 19. Nxe5 Ncd4 20. Bxd4 Nxd4 21. Qe4
Qg5 22. Qxd4 Bxh3 23. Qd5+ Rf7 24. Qxf7+ Kh8 25. Qf3 Rf8 26. Qxh3 Bxe5 1-0

[Event "Open Olimpico A Maggio"]
[Site "Torino ITA"]
[Date "2006.05.26"]
[Round "6"]
[White "Finocchiaro, Gianluca"]
[Black "Minniti, Giuseppe"]
[Result "1-0"]
[WhiteElo "1934"]
[BlackElo "1746"]
[PlyCount "61"]
[EventDate "2006.05.22"]

1. e4 c5 2. c3 d5 3. exd5 Qxd5 4. d4 Nf6 5. Nf3 Bg4 6. Be2 e6 7. O-O cxd4 8.
cxd4 Nc6 9. Nc3 Qd8 10. Be3 Be7 11. Qb3 Rb8 12. Rad1 Nb4 13. Qa4+ Nd7 14. d5
Nxd5 15. Nxd5 exd5 16. Rxd5 Be6 17. Rd2 Qc7 18. Bf4 Qc8 19. Bxb8 Qxb8 20. Bb5
Qc8 21. Rfd1 O-O 22. Bxd7 Bxd7 23. Qxd7 Qc5 24. Rd5 Qb4 25. a3 Qe4 26. Re5 Qc2
27. Rxe7 h6 28. Re8 Rxe8 29. Qxe8+ Kh7 30. Qd7 Qxb2 31. Qf5+ 1-0

[Event "Open Olimpico A Maggio"]
[Site "Torino ITA"]
[Date "2006.05.26"]
[Round "6"]
[White "Gallucci, Alessio"]
[Black "Giacometto, Mario"]
[Result "1-0"]
[WhiteElo "1787"]
[BlackElo "1992"]
[PlyCount "81"]
[EventDate "2006.05.22"]

1. e4 c5 2. Nc3 Nc6 3. f4 e6 4. Bc4 a6 5. a4 Nge7 6. d3 Nd4 7. Nf3 Nec6 8. O-O
d6 9. f5 Nxf3+ 10. Qxf3 Ne5 11. Qg3 Qe7 12. Bf4 f6 13. Qh3 Nxc4 14. dxc4 e5 15.
Bd2 g5 16. Nd5 Qf7 17. Ba5 Rb8 18. Nc7+ Kd7 19. Qb3 b6 20. Bxb6 Kc6 21. a5 Be7
22. Qa4+ Kb7 23. Nxa6 Kxa6 24. Qc6 Qe8 25. Qd5 Bb7 26. Qd3 Qc6 27. Rfe1 h5 28.
c3 Rbc8 29. Rab1 Ba8 30. b4 Kb7 31. bxc5 Ka6 32. cxd6 Qxc4 33. Qxc4+ Rxc4 34.
dxe7 Bxe4 35. Red1 Bxb1 36. Rd8 Rc8 37. Rxc8 Rxc8 38. Bd8 Rxc3 39. e8=Q Be4 40.
Qe6+ Rc6 41. Qf7 1-0

[Event "Open Olimpico A Maggio"]
[Site "Torino ITA"]
[Date "2006.05.26"]
[Round "6"]
[White "Hofstetter, Hans Joachim"]
[Black "Canonne, Antoine"]
[Result "1-0"]
[WhiteElo "2222"]
[BlackElo "2052"]
[PlyCount "125"]
[EventDate "2006.05.22"]

1. e4 c5 2. Nf3 e6 3. c3 d5 4. e5 Nc6 5. d4 f6 6. Bd3 fxe5 7. Nxe5 Nxe5 8. dxe5
Qh4 9. O-O Bd7 10. Nd2 O-O-O 11. Nf3 Qh5 12. Be3 Be7 13. b4 c4 14. Be2 Kb8 15.
a4 Rc8 16. a5 Bd8 17. Bc5 Ne7 18. Bxc4 Nc6 19. Be2 Bc7 20. Bd6 Bxd6 21. exd6
Rhd8 22. Re1 Ne5 23. Nd4 Qe8 24. f4 Nf7 25. Bg4 Nxd6 26. Nxe6 Bxe6 27. Rxe6 Qb5
28. Rxd6 Rxd6 29. Bxc8 Kxc8 30. Qd4 Qd7 31. Qxa7 Rc6 32. Qa8+ Kc7 33. a6 bxa6
34. Rxa6 Rxa6 35. Qxa6 Qg4 36. Qa5+ Kc8 37. Qc5+ Kb8 38. Qxd5 Qxf4 39. Qg8+ Kb7
40. Qxg7+ Ka6 41. h3 Qe3+ 42. Kh2 Qf4+ 43. Qg3 Qd2 44. h4 h6 45. Qf3 Ka7 46. b5
Qd6+ 47. Qg3 Qb6 48. Qg7+ Kb8 49. Qd4 Qc7+ 50. Kh3 h5 51. b6 Qc8+ 52. Kh2 Kb7
53. c4 Qb8+ 54. Kg1 Qe8 55. c5 Qe1+ 56. Kh2 Kc6 57. Qd6+ Kb5 58. Qg3 Qe7 59.
Qd3+ Ka5 60. Qd2+ Kb5 61. g3 Qe4 62. Qb2+ Kxc5 63. b7 1-0

[Event "Open Olimpico A Maggio"]
[Site "Torino ITA"]
[Date "2006.05.26"]
[Round "6"]
[White "Ibrahim, Ismail"]
[Black "De Coverly, Roger D."]
[Result "0-1"]
[WhiteElo "2200"]
[BlackElo "2083"]
[PlyCount "90"]
[EventDate "2006.05.22"]

1. e4 e5 2. Nf3 Nc6 3. Bb5 a6 4. Ba4 Nf6 5. O-O Be7 6. Re1 b5 7. Bb3 O-O 8. c3
d6 9. h3 h6 10. d4 Re8 11. Nbd2 Bf8 12. Bc2 Bd7 13. Nf1 Na7 14. Ng3 c5 15. d5
Nc8 16. Nh2 Ne7 17. f4 exf4 18. Bxf4 Ng6 19. Bd2 Ne5 20. b3 g6 21. Bf4 Bg7 22.
Qd2 h5 23. Rf1 Nh7 24. Qf2 Qe7 25. Rae1 Rf8 26. Nf3 a5 27. Ne2 b4 28. c4 a4 29.
Nxe5 Bxe5 30. Bxe5 Qxe5 31. Nc1 axb3 32. axb3 Qg5 33. h4 Qe7 34. e5 Ra1 35. Qg3
dxe5 36. Rxe5 Qd6 37. Rfe1 Kg7 38. Qf2 Rxc1 39. Rxc1 Qxe5 40. Qxc5 Qc3 41. Qf2
Nf6 42. Qf4 Re8 43. Qf2 Ng4 44. Qf1 Qe3+ 45. Kh1 Qg3 0-1

[Event "Open Olimpico A Maggio"]
[Site "Torino ITA"]
[Date "2006.05.26"]
[Round "6"]
[White "Ilic, Ljubomir"]
[Black "Naumkin, Igor"]
[Result "0-1"]
[WhiteElo "2220"]
[BlackElo "2415"]
[PlyCount "80"]
[EventDate "2006.05.22"]

1. e4 e6 2. d3 d5 3. Nd2 c5 4. Ngf3 Nc6 5. g3 Nf6 6. Bg2 Be7 7. O-O O-O 8. c3
e5 9. Re1 d4 10. cxd4 cxd4 11. Nc4 Qc7 12. a4 Be6 13. b3 Nd7 14. Ng5 Bxg5 15.
Bxg5 a6 16. a5 Bxc4 17. bxc4 Nxa5 18. Qa4 Nc6 19. Reb1 Nc5 20. Qa3 b6 21. Bf3
f5 22. exf5 Rxf5 23. Bd5+ Kh8 24. Bd2 Raf8 25. f3 e4 26. Bxe4 Nxe4 27. dxe4
Rxf3 28. Rf1 Rxf1+ 29. Rxf1 Rxf1+ 30. Kxf1 Qf7+ 31. Kg2 Qxc4 32. Qf8+ Qg8 33.
Qd6 Qe8 34. Qd5 h6 35. Bf4 b5 36. Bd6 b4 37. Kf3 a5 38. Kf4 a4 39. e5 b3 40.
Ba3 Qxe5+ 0-1